LIBRARY & INFORMATION CENTRE, KCAET, TAVANUR

ONLINE PUBLIC ACCESS CATALOGUE (OPAC)

some aspects of the Inquality of incomes in modern communities (Record no. 11231)

MARC details
000 -LEADER
fixed length control field 00425cam a2200169ua 4500
041 ## - LANGUAGE CODE
Language code of text/sound track or separate title eng
082 ## - DEWEY DECIMAL CLASSIFICATION NUMBER
Classification number 339.41
Item number DAL/SO
100 ## - MAIN ENTRY--AUTHOR NAME
Personal name Dalton, hugh .
245 ## - TITLE STATEMENT
Title some aspects of the Inquality of incomes in modern communities
260 ## - PUBLICATION, DISTRIBUTION, ETC. (IMPRINT)
Place of publication :
Name of publisher Routledge & kegan paul Ltd ,
Year of publication 1949.
300 ## - PHYSICAL DESCRIPTION
Number of Pages 376 ; .
942 ## - ADDED ENTRY ELEMENTS (KOHA)
Koha item type Books
Holdings
Withdrawn status Lost status Damaged status Home library Current library Date acquired Full call number Accession Number Koha item type
Withdrawn     KAUAET Sanskrit University 07/04/2012 339.41 3206 Books
free website counter